| 000 | 00335nam a22001217a 4500 | ||
|---|---|---|---|
| 082 |
_a345.5491 _bMAH |
||
| 100 | _aMahmood, M. | ||
| 245 |
_aThe Corpus juris Criminal: _bthe selected rulings criminal / _cM. Mahmood |
||
| 260 |
_aLahore : _bAl-Qanoon Publishers, _c2021. |
||
| 300 |
_avolumes _c24 cm. |
||
| 563 | _aHBK. | ||
| 942 |
_2ddc _cBK |
||
| 999 |
_c592407 _d592407 |
||